| 000 | 00957nam a2200277Ia 4500 | ||
|---|---|---|---|
| 003 | OSt | ||
| 005 | 20220918223520.0 | ||
| 006 | a|||||r|||| 00| 0 | ||
| 007 | ta | ||
| 008 | 220917b |||||||| |||| 00| 0 eng d | ||
| 024 | _a223,095 | ||
| 037 | _cTextual | ||
| 040 |
_aARTS _cARTS _beng |
||
| 041 |
_2eng _aeng |
||
| 082 | _aW:5.1TH, P4 | ||
| 100 |
_aDemmers Jolle Ed. _9145915 |
||
| 245 | 0 |
_aGood governance in the Era of global neoliberalism _bConflict and depolitisation in Latin America, Eastern Europe, Asia and Africa |
|
| 260 |
_aLondon _bRoutledge _c2004 |
||
| 300 |
_axviii, 353p _ccm. |
||
| 490 | _aRoutledge studies in the modern world economy | ||
| 650 | _aPOLITICAL SCIENCE | ||
| 700 |
_a Hogenboom Barbara Ed. _9145916 |
||
| 700 |
_a Jilberto Alex E. Fernandez Ed. _9145917 |
||
| 942 |
_hW:5.1TH, P4 _cTEXL _2CC |
||
| 999 |
_c278673 _d278673 |
||